La fiesta : una historia cultural desde la antigüedad hasta nuestros días /

Uloženo v:
Podrobná bibliografie
Další autoři: Schultz, Uwe (dir.) Dirigent
Médium: Kniha
Jazyk:španělština
Vydáno: Madrid, España : Alianza, 1993, c1993
Témata:
Tagy: Přidat tag
Žádné tagy, Buďte první, kdo vytvoří štítek k tomuto záznamu!

MARC

LEADER 00000nam^a2200000^a^4500
001 000307261
005 20250521000000.0
009 20260526135701.034
020 |a 84-206-9654-4 
037 |a Acervo ITESO - Biblioteca 
041 |a ESP 
082 |a 394. 26  |b SCH 
100 |a Schultz, Uwe  |e (dir.) 
245 1 3 |a La fiesta :  |b una historia cultural desde la antigüedad hasta nuestros días /  |c Dir. y pról. de U. Schultz ; tr. por José Luis Gil-Aristu. 
264 4 |a Madrid, España :  |b Alianza,  |c 1993, c1993 
300 |a 368 p. 
336 |a texto  |b txt  |2 rdacontenido 
337 |a sin mediación  |b n  |2 rdamedio 
338 |a volumen  |b nc  |2 rdasoporte 
500 |a Traducción de: Das Fest. Eine Kultur geschichte von der Antike bis zur Gegenwart 
649 |a XX 
650 |a Fiestas Cívicas 
650 |a Fiestas de Vida Cotidiana 
650 |a Fiestas Religiosas 
650 |a Fiestas -  |x Aspectos Sociales y Culturales -  |x Tema Principal 
650 |a Fiestas -  |x Historia 
650 |a Ocio y Tiempo Libre 
650 |a Prácticas Culturales 
650 |a Antropología Cultural 
650 |a Sociología 
910 |a Fondo General 
920 |a Impresos - Libros 
930 |a Colección General 
905 |a 101 
901 |a 0500193325  |b IT1  |c ACC  |i C127231  |u 20250521 
902 |a https://opac.biblio.iteso.mx/vufind/Record/000307261